000 00442nam a2200145Ia 4500
008 100415s9999 xx 000 0 und d
082 _b22106
_a634.9
100 _aPalsule, Sudhanshu
245 _aForests As Living Space And Economic Factor
260 _aBOMBAY
_c1989
_bMAX MUELLER BHAVAN
365 _b0
630 _aForests As Living Space And Economic Factor
730 _aForests As Living Space And Economic Factor
942 _cBOOK
999 _c604988
_d604985